Valtiot, joilla on sama nimi suomeksi ja saksaksi - Statistics

Yleistilastot
  • Tätä visaa on pelattu 18 kertaa
  • Keskiarvotulos 54 / 87
Vastaustilastot
Maanosa Valtio % Oikein
Eurooppa Luxemburg
92%
Aasia Jemen
83%
Afrikka Mali
83%
Eurooppa Monaco
83%
Aasia Oman
83%
Aasia Pakistan
83%
Etelä-Amerikka Paraguay
83%
Eurooppa San Marino
83%
Etelä-Amerikka Uruguay
83%
Pohjois-Amerikka Belize
75%
Aasia Bhutan
75%
Aasia Brunei
75%
Etelä-Amerikka Chile
75%
Etelä-Amerikka Guyana
75%
Pohjois-Amerikka Haiti
75%
Aasia Israel
75%
Afrikka Kenia
75%
Afrikka Lesotho
75%
Eurooppa Liechtenstein
75%
Afrikka Namibia
75%
Oseania Nauru
75%
Oseania Palau
75%
Oseania Tonga
75%
Oseania Tuvalu
75%
Aasia Bahrain
67%
Afrikka Burundi
67%
Etelä-Amerikka Ecuador
67%
Pohjois-Amerikka Honduras
67%
Pohjois-Amerikka Kanada
67%
Afrikka Kap Verde
67%
Aasia Kuwait
67%
Afrikka Madagaskar
67%
Eurooppa Malta
67%
Afrikka Mauritius
67%
Aasia Nepal
67%
Afrikka Niger
67%
Afrikka Nigeria
67%
Oseania Samoa
67%
Afrikka Somalia
67%
Afrikka Tansania
67%
Afrikka Uganda
67%
Oseania Vanuatu
67%
Etelä-Amerikka Venezuela
67%
Afrikka Angola
58%
Afrikka Benin
58%
Pohjois-Amerikka Dominica
58%
Pohjois-Amerikka El Salvador
58%
Afrikka Eritrea
58%
Afrikka Ghana
58%
Pohjois-Amerikka Grenada
58%
Pohjois-Amerikka Guatemala
58%
Aasia Irak
58%
Aasia Iran
58%
Oseania Kiribati
58%
Aasia Libanon
58%
Pohjois-Amerikka Nicaragua
58%
Etelä-Amerikka Peru
58%
Afrikka Ruanda
58%
Afrikka Sudan
58%
Etelä-Amerikka Suriname
58%
Aasia Taiwan
58%
Afrikka Togo
58%
Aasia Turkmenistan
58%
Eurooppa Andorra
50%
Pohjois-Amerikka Barbados
50%
Afrikka Burkina Faso
50%
Pohjois-Amerikka Costa Rica
50%
Afrikka Eswatini
50%
Afrikka Guinea
50%
Aasia Laos
50%
Afrikka Liberia
50%
Afrikka Malawi
50%
Eurooppa Montenegro
50%
Pohjois-Amerikka Panama
50%
Afrikka Sierra Leone
50%
Aasia Vietnam
50%
Afrikka Botswana
42%
Afrikka Guinea-Bissau
42%
Pohjois-Amerikka Jamaika
42%
Afrikka Kamerun
42%
Eurooppa Kosovo
42%
Afrikka Marokko
42%
Afrikka Senegal
42%
Afrikka Gambia
33%
Afrikka Mosambik
33%
Aasia Myanmar
33%
Aasia Sri Lanka
33%
Ehtoja vastaavia visoja ei löytynyt
Tulosjakauma
Jokaisen tuloksen saaneiden osuus
Persentiili vastausten määrän mukaan
Tuloshistoriasi
Et ole pelannut tätä visaa